<?xml version="1.0" encoding="UTF-8"?>
<record
    xmlns:xsi="http://www.w3.org/2001/XMLSchema-instance"
    xsi:schemaLocation="http://www.loc.gov/MARC21/slim http://www.loc.gov/standards/marcxml/schema/MARC21slim.xsd"
    xmlns="http://www.loc.gov/MARC21/slim">

  <leader>02360nam a22003494i 4500</leader>
  <datafield tag="952" ind1=" " ind2=" ">
    <subfield code="0">0</subfield>
    <subfield code="1">0</subfield>
    <subfield code="2">ddc</subfield>
    <subfield code="4">0</subfield>
    <subfield code="7">0</subfield>
    <subfield code="8">LE</subfield>
    <subfield code="a">FUSBC</subfield>
    <subfield code="b">FUSBC</subfield>
    <subfield code="c">EBOOK</subfield>
    <subfield code="d">2020-04-15</subfield>
    <subfield code="l">0</subfield>
    <subfield code="p">10903154</subfield>
    <subfield code="r">2016-04-18 00:00:00</subfield>
    <subfield code="t">Ej.</subfield>
    <subfield code="u">https://bit.ly/2yeFKFQ</subfield>
    <subfield code="y">EBK</subfield>
    <subfield code="z">LIBRO ELECTR&#xD3;NICO - Seguir link de acceso.</subfield>
    <subfield code="k">1</subfield>
  </datafield>
  <datafield tag="999" ind1=" " ind2=" ">
    <subfield code="c">63707</subfield>
    <subfield code="d">63707</subfield>
  </datafield>
  <controlfield tag="001">768714001</controlfield>
  <controlfield tag="003">CO-MdFUSB</controlfield>
  <controlfield tag="005">20200415164559.0</controlfield>
  <controlfield tag="007">cr cn|||||||||</controlfield>
  <controlfield tag="008">140912t2014    sp     go     001 0 spa d</controlfield>
  <datafield tag="020" ind1=" " ind2=" ">
    <subfield code="a">9788471516312</subfield>
    <subfield code="q">electr&#xF3;nico</subfield>
  </datafield>
  <datafield tag="040" ind1=" " ind2=" ">
    <subfield code="a">CO-MdFUSBC</subfield>
    <subfield code="b">spa</subfield>
    <subfield code="e">rda</subfield>
    <subfield code="c">CO-MdFUSB</subfield>
    <subfield code="d">CO-MdFUSBC</subfield>
  </datafield>
  <datafield tag="041" ind1=" " ind2=" ">
    <subfield code="a">spa</subfield>
  </datafield>
  <datafield tag="082" ind1="0" ind2="4">
    <subfield code="a">226.305209</subfield>
    <subfield code="2">23</subfield>
  </datafield>
  <datafield tag="100" ind1=" " ind2=" ">
    <subfield code="a">Rius-Camps, Josep</subfield>
    <subfield code="e">autor</subfield>
  </datafield>
  <datafield tag="245" ind1="1" ind2="3">
    <subfield code="a">El Evangelio de Marcos :</subfield>
    <subfield code="b">etapas de su redacci&#xF3;n : redacci&#xF3;n jerosolimitana, refundici&#xF3;n a partir de Chipre, redacci&#xF3;n final en Roma o Alejandr&#xED;a </subfield>
    <subfield code="c">/Josep Rius-Camps.</subfield>
    <subfield code="h">[recurso electr&#xF3;nico]</subfield>
  </datafield>
  <datafield tag="264" ind1=" " ind2="1">
    <subfield code="a">Espa&#xF1;a :</subfield>
    <subfield code="b">Verbo Divino, </subfield>
    <subfield code="c">[2014]</subfield>
  </datafield>
  <datafield tag="264" ind1=" " ind2="4">
    <subfield code="c">&#xA9; 2014</subfield>
  </datafield>
  <datafield tag="300" ind1=" " ind2=" ">
    <subfield code="a">recurso en l&#xED;nea (410 p&#xE1;ginas)</subfield>
    <subfield code="c">; </subfield>
  </datafield>
  <datafield tag="336" ind1=" " ind2=" ">
    <subfield code="a">texto</subfield>
    <subfield code="2">rdacontent</subfield>
    <subfield code="b">txt</subfield>
  </datafield>
  <datafield tag="337" ind1=" " ind2=" ">
    <subfield code="a">inform&#xE1;tico</subfield>
    <subfield code="2">rdamedia</subfield>
    <subfield code="b">c</subfield>
  </datafield>
  <datafield tag="338" ind1=" " ind2=" ">
    <subfield code="a">remoto</subfield>
    <subfield code="2">rdacarrier</subfield>
    <subfield code="b">cr</subfield>
  </datafield>
  <datafield tag="347" ind1=" " ind2=" ">
    <subfield code="2">rda</subfield>
    <subfield code="a">fichero de texto</subfield>
    <subfield code="b">Html</subfield>
  </datafield>
  <datafield tag="505" ind1=" " ind2=" ">
    <subfield code="a">Opci&#xF3;n De Principio Por El C&#xF3;dice Beza (D 05). -- Criterios Tenidos En Cuenta Para La Delimitaci&#xF3;n De Las Secuencias. --  Agrupaci&#xF3;n De Las Secuencias Y Subsecuencias En Per&#xED;odos. -- Texto Griego-D 05 &#x2013; Castellano Del Evangelio De Marcos Dispuesto En Columnas. --  Factores Que Revelan La Existencia De Dos O M&#xE1;s Redacciones En El Seno Del Actual Evangelio De Marco. --  Texto Seguido Y Completo De La Primera Redacci&#xF3;n (*) Con Los Correspondientes Desdoblamientos O Ampliaciones Pertenecientes A La Segunda (**) O Tercera Redacci&#xF3;n (***) -- Las Cinco Etapas Del Camino De Jes&#xFA;s Que Culmin&#xF3; En El Templo De Jerusal&#xE9;n, Seg&#xFA;n La Primera Redacci&#xF3;n. --  Rasgos M&#xE1;s Sobresalientes De La Primera Redacci&#xF3;n, En Comparaci&#xF3;n Con La Refundici&#xF3;n Emprendida Por El Propio Marcos En Segunda Redacci&#xF3;n. -- Sinopsis De Las Tres Redacciones Del Evangelio De Marcos
Xi. Ap&#xE9;ndice. Triple Cotejo Entre La P&#xE1;gina Griega (D 05) Y La Latina (D 5) Del C&#xF3;dice Beza, El C&#xF3;dice Vaticano (B 03) Y La Vulgata (Vg)
</subfield>
  </datafield>
  <datafield tag="516" ind1=" " ind2=" ">
    <subfield code="a">Texto electr&#xF3;nico
</subfield>
  </datafield>
  <datafield tag="538" ind1=" " ind2=" ">
    <subfield code="a">Acceso a Internet; requiere usuario y clave asignada por la biblioteca
</subfield>
  </datafield>
  <datafield tag="630" ind1="0" ind2="7">
    <subfield code="a">Biblia.</subfield>
    <subfield code="p">Marcos</subfield>
  </datafield>
  <datafield tag="856" ind1="4" ind2="0">
    <subfield code="u">http://site.ebrary.com/lib/unisbcsp/Doc?id=10903154</subfield>
    <subfield code="b">10903154</subfield>
    <subfield code="z">Abrir Versi&#xF3;n electr&#xF3;nica del libro  El Evangelio de Marcos : etapas de su redacci&#xF3;n</subfield>
  </datafield>
  <datafield tag="942" ind1=" " ind2=" ">
    <subfield code="c">BK</subfield>
  </datafield>
  <datafield tag="945" ind1=" " ind2=" ">
    <subfield code="a">JTF-925</subfield>
  </datafield>
</record>
